| 000 | 00501nam a2200157 i 4500 | ||
|---|---|---|---|
| 001 | 85725 | ||
| 003 | ES-MaACL | ||
| 005 | 20230906175308.0 | ||
| 007 | t| | ||
| 008 | 041130s1980 sp ||||1| spa d | ||
| 100 | 0 |
_aJuan Pablo _bII _cPapa, Santo. _9162513 |
|
| 245 | 1 | 0 |
_aA todos los Obispos de la Iglesia _b: el misterio y culto de la EucaristÃa / _cJoannes Paulus P.P.II. |
| 260 |
_a[Madrid] : _bEdiciones Paulinas, _c[1980] |
||
| 300 |
_a48 p. ; _c18 cm. |
||
| 852 |
_aES-MaACL _j211-F-1 _bR.100282 |
||
| 999 |
_c85725 _d85725 |
||